Operations research : quantitative techniques for management (Record no. 18278)

MARC details
000 -LEADER
fixed length control field 00533nam a2200169Ia 4500
008 - FIXED-LENGTH DATA ELEMENTS--GENERAL INFORMATION
fixed length control field 220501s2014 xx 000 0 eng d
020 ## - INTERNATIONAL STANDARD BOOK NUMBER
International Standard Book Number 9789351610113
082 ## - DEWEY DECIMAL CLASSIFICATION NUMBER
Classification number 658.4032 KAP-O
100 ## - MAIN ENTRY--PERSONAL NAME
Personal name Kapoor, V. K.
245 #0 - TITLE STATEMENT
Title Operations research : quantitative techniques for management
Statement of responsibility, etc V. K. Kapoor and Sumit Kapoor
250 ## - EDITION STATEMENT
Edition statement 9th Thoroughly revised and updated edition
260 ## - PUBLICATION, DISTRIBUTION, ETC. (IMPRINT)
Place of publication, distribution, etc New Delhi
Name of publisher, distributor, etc Sultan Chand & Sons
Date of publication, distribution, etc 2014
300 ## - PHYSICAL DESCRIPTION
Extent / Pages vp.
650 ## - SUBJECT ADDED ENTRY--TOPICAL TERM
Topical term or geographic name as entry element Operations research
700 ## - ADDED ENTRY--PERSONAL NAME
Personal name Kapoor, Sumant
942 ## - ADDED ENTRY ELEMENTS (KOHA)
Source of classification or shelving scheme
Koha item type Books
942 ## - ADDED ENTRY ELEMENTS (KOHA)
-- 8
Holdings
Withdrawn status Lost status Source of classification or shelving scheme Damaged status Not for loan Home library Current library Date acquired Source of acquisition Full call number Barcode Date last seen Copy number Bill Date Koha item type Bill Number Total Checkouts Date last borrowed Total Renewals
          SOBD Library SOBD Library 01/06/2022 Vedi Books 658.4032 KAP-O1 002005 01/07/2022 1 18/04/2022 Reference Books VEDI/22-23/04/21      
          SOBD Library SOBD Library 01/06/2022 Vedi Books 658.4032 KAP-O2 002006 01/07/2022 2 18/04/2022 Books VEDI/22-23/04/21      
          SOBD Library SOBD Library 01/06/2022 Vedi Books 658.4032 KAP-O3 002007 01/07/2022 3 18/04/2022 Books VEDI/22-23/04/21      
          SOBD Library SOBD Library 01/06/2022 Vedi Books 658.4032 KAP-O4 002008 01/07/2022 4 18/04/2022 Books VEDI/22-23/04/21      
          SOBD Library SOBD Library 01/06/2022 Vedi Books 658.4032 KAP-O5 002009 01/07/2022 5 18/04/2022 Books VEDI/22-23/04/21      
          SOBD Library SOBD Library 01/06/2022 Vedi Books 658.4032 KAP-O6 002010 12/04/2024 6 18/04/2022 Books VEDI/22-23/04/21 1 30/03/2024  
          SOBD Library SOBD Library 01/06/2022 Vedi Books 658.4032 KAP-O7 002011 01/07/2022 7 18/04/2022 Books VEDI/22-23/04/21      
          SOBD Library SOBD Library 01/06/2022 Vedi Books 658.4032 KAP-O8 002012 09/04/2024 8 18/04/2022 Books VEDI/22-23/04/21 1 27/03/2024  
          SOBD Library SOBD Library 01/06/2022 Vedi Books 658.4032 KAP-O9 002013 20/04/2024 9 18/04/2022 Books VEDI/22-23/04/21 2 01/03/2024 4
          SOBD Library SOBD Library 01/06/2022 Vedi Books 658.4032 KAP-O10 002014 10/04/2024 10 18/04/2022 Books VEDI/22-23/04/21 4 27/03/2024 4
Hosted, Implemented, Customized & Maintained by: BestBookBuddies

Powered by Koha